<?xml version="1.0" encoding="UTF-8"?><?xml-stylesheet type="text/xsl" href="static/style.xsl"?><OAI-PMH xmlns="http://www.openarchives.org/OAI/2.0/" xmlns:xsi="http://www.w3.org/2001/XMLSchema-instance" xsi:schemaLocation="http://www.openarchives.org/OAI/2.0/ http://www.openarchives.org/OAI/2.0/OAI-PMH.xsd"><responseDate>2026-04-14T05:08:56Z</responseDate><request verb="GetRecord" identifier="oai:www.recercat.cat:2117/328133" metadataPrefix="marc">https://recercat.cat/oai/request</request><GetRecord><record><header><identifier>oai:recercat.cat:2117/328133</identifier><datestamp>2026-01-15T11:04:33Z</datestamp><setSpec>com_2072_1033</setSpec><setSpec>col_2072_452951</setSpec></header><metadata><record xmlns="http://www.loc.gov/MARC21/slim" xmlns:dcterms="http://purl.org/dc/terms/" xmlns:xsi="http://www.w3.org/2001/XMLSchema-instance" xmlns:doc="http://www.lyncode.com/xoai" xsi:schemaLocation="http://www.loc.gov/MARC21/slim http://www.loc.gov/standards/marcxml/schema/MARC21slim.xsd">
   <leader>00925njm 22002777a 4500</leader>
   <datafield ind2=" " ind1=" " tag="042">
      <subfield code="a">dc</subfield>
   </datafield>
   <datafield ind2=" " ind1=" " tag="720">
      <subfield code="a">Diz Barreras, Fátima</subfield>
      <subfield code="e">author</subfield>
   </datafield>
   <datafield ind2=" " ind1=" " tag="720">
      <subfield code="a">Escuer Jiménez, Joaquim</subfield>
      <subfield code="e">author</subfield>
   </datafield>
   <datafield ind2=" " ind1=" " tag="260">
      <subfield code="c">2020-06</subfield>
   </datafield>
   <datafield ind2=" " ind1=" " tag="520">
      <subfield code="a">El siguiente trabajo realizado en el marco del Master universitario de l’Escola Tècnica Superior d’Arquitectura del Vallès (ETSAV) se ubica en la localidad de Cardona, una pequeña población que siempre ha estado unida a un mineral: la sal, debido a su proximidad con un gran afloramiento salino de cualidades excepcionales. El proyecto de los Márgenes del Valle Salino de Cardona busca poner en valor el recorrido entorno a la geología excepcional del valle a través de dos intervenciones que resuelvan los problemas de conexión para hacer el recorrido posible y que sean un nuevo atractivo turístico para el lugar. Las propuestas fueron presentadas ante los vecinos y vecinas de Cardona que dieron sus impresiones para plantear qué tipo de intervenciones podrían lograr una mayor afluencia de turismo y prestar un servicio a los habitantes del municipio, se concluyó que una pasarela sobre la formación geológica de la Bòfia Gran y la restauración del Camino Real eran las intervenciones de mayor consenso.</subfield>
   </datafield>
   <datafield tag="653" ind2=" " ind1=" ">
      <subfield code="a">Àrees temàtiques de la UPC::Urbanisme::Projecte urbà</subfield>
   </datafield>
   <datafield tag="653" ind2=" " ind1=" ">
      <subfield code="a">Footbridges</subfield>
   </datafield>
   <datafield tag="653" ind2=" " ind1=" ">
      <subfield code="a">Sustainable tourism</subfield>
   </datafield>
   <datafield tag="653" ind2=" " ind1=" ">
      <subfield code="a">Passarel·les</subfield>
   </datafield>
   <datafield tag="653" ind2=" " ind1=" ">
      <subfield code="a">Turisme sostenible</subfield>
   </datafield>
   <datafield ind2="0" ind1="0" tag="245">
      <subfield code="a">Márgenes del valle salino</subfield>
   </datafield>
</record></metadata></record></GetRecord></OAI-PMH>